| 000 | 00420nam a2200157Ia 4500 | ||
|---|---|---|---|
| 008 | 210210b1972 xxu||||| |||| 00| 0 eng d | ||
| 082 | _a181 MULS | ||
| 100 | _aMULLER (F Max). | ||
| 245 | _aSacred books of the east.V 41:Satapatha-brahmana . | ||
| 260 |
_aNew Delhi. _bMotilal Banarsidass., _c1972 |
||
| 300 | _axxvii,424 | ||
| 440 | _a41 | ||
| 650 | _aSatapatha Brahmana | ||
| 690 | _aPhilosophy | ||
| 906 | _aSG01820 | ||
| 999 |
_c112898 _d112898 |
||